Normal view
MARC view
- Radioactive waste repositories
Entry Topical Term
001 - CONTROL NUMBER
- control field: 43428
003 - CONTROL NUMBER IDENTIFIER
- control field: NUST
005 - DATE AND TIME OF LATEST TRANSACTION
- control field: 20210314132639.0
008 - FIXED-LENGTH DATA ELEMENTS
- fixed length control field: 210314|| aca||aabn | a|a d
040 ## - CATALOGING SOURCE
- Original cataloging agency: NUST
- Transcribing agency: NUST
150 ## - HEADING--TOPICAL TERM
- Topical term or geographic name entry element: Radioactive waste repositories
670 ## - SOURCE DATA FOUND
- Source citation: Work cat.: (NUST): Dynamic analysis and design considerations for high-level nuclear waste repositories :, c1993.
